| 000 | 00491nam a22001697a 4500 | ||
|---|---|---|---|
| 003 | 0 | ||
| 005 | 20250219153216.0 | ||
| 008 | 250219b xxu||||| |||| 00| 0 eng d | ||
| 050 |
_aHG 179 _b.T167 2017 |
||
| 100 | _aTan, Chinkee | ||
| 245 |
_aDiary of a pulubi: _b22 money lessons on how to avoid going broke _cChinkee Tan |
||
| 260 |
_aMandaluyong City _bCSM Publishing _c2017 |
||
| 300 |
_a122 pages ; _c18cm. |
||
| 650 | _aFinancial. | ||
| 650 | _aPersonal investment. | ||
| 942 |
_2lcc _cBK |
||
| 999 |
_c367248 _d367248 |
||